| 000 | 00417nam a2200169Ia 4500 | ||
|---|---|---|---|
| 003 | OSt | ||
| 005 | 20231109123846.0 | ||
| 008 | 230125s9999 xx 000 0 und d | ||
| 020 | _a9789331319180 | ||
| 082 |
_a341.7 _bBHAA |
||
| 100 | _aBHATT, Saligram | ||
| 245 | 0 | _aAviation environment and world order | |
| 260 |
_bAPH Publishing Corporation _c2013 _aNew Delhi |
||
| 300 | _a190p | ||
| 650 | _aLAW | ||
| 942 |
_cBK _2ddc |
||
| 999 |
_c308 _d308 |
||